01305nab a22002537a 4500999001500000003000400015005001700019008004100036040000700077100002800084245015200112260007200264300001500336500003800351505027200389505008900661650002600750650003000776650004500806650001900851700002900870773013900899942001301038 c5941d5941OSt20260114014132.0190605e xxu||||| |||| 00| 0 spa d cPJ 96791aArballo, Rocío 10aIntereses e imputación del pago realizado por la aseguradora de riesgos del trabajo en sede extrajudicial /cRocío Arballo, Andrés O. Hadad.  aCiudad Autónoma de Buenos Aires :bThomson Reuters La Ley,c2024. ap. 201-211 aCita: TR LALEY AR/DOC/245/2024.  aSumario: I. Introducción.— II. La tasa de interés.— III. La imputación del pago en sede extrajudicial.— IV. Un fallo de la Corte Suprema de Justicia de Santa Fe que aporta luz en la materia.— V. Algunas consideraciones.— VI. Actualidad que se repite.  t¿Te interesa el texto completo? Solicitalo al correo: koha@justierradelfuego.gov.ar 091316aDERECHO LABORAL 091430aRIESGOS DEL TRABAJO 095144aASEGURADOR POR RIESGOS DEL TRABAJO 09533aINTERESES 95004aHadad, Andrés O.0 0271193168dCiudad Autónoma de Buenos Aires : Thomson Reuters La Ley, 1999-2002.tRevista de derecho del trabajo. Nº 2 - Marzo 2024 2udccANA